|
|
|
|
| LEADER |
00000cam a2200000 7i4500 |
| 001 |
0000037002 |
| 005 |
20151222.0 |
| 008 |
130711 |
| 020 |
|
|
|a 1897377142
|
| 090 |
0 |
0 |
|a GEO
|b ENG
|
| 245 |
1 |
0 |
|a Planet earth
|
| 260 |
|
|
|a Canada :
|b Wonderland Book Ltd ,
|c 2007
|
| 500 |
|
|
|a Children ages 10-12 years old (pink)
|
| 650 |
|
0 |
|a Planet earth
|x Reality facts
|
| 999 |
|
|
|a 0001042992
|b Book
|c Children Collection
|e Cawangan Tmn. Ungku Tun Aminah
|
| 999 |
|
|
|a 0001134883
|b Book
|c Children Collection
|e Cawangan Sri Merlong
|
| 999 |
|
|
|a 0001134884
|b Book
|c Children Collection
|e Cawangan Taman Universiti
|
| 999 |
|
|
|a 0001227635
|b Book
|c Children Collection
|e Perbadanan Perpustakaan Awam Johor
|